| 000 | 00366nam a2200145Ia 4500 | ||
|---|---|---|---|
| 008 | 150201s1998 xx 000 0 und d | ||
| 082 |
_a615.8 _bP1998T |
||
| 100 | _aTECHLIN,STEPHEN | ||
| 245 | _aPEDIATRIC PHYSICAL THERAPY | ||
| 250 | _a3RD | ||
| 260 |
_bLIPPINCOTT PUBLICATION _aPHILADELPHIA _c1998 |
||
| 300 | _a1-606 | ||
| 650 | _aPHYSIOTHERAPY | ||
| 942 |
_2ddc _cBK |
||
| 999 |
_c4320 _d4320 |
||